Boston Bruins 2021-2022 Roster - Statistics

General Stats
  • This quiz has been taken 40 times
  • The average score is 16 of 26
Answer Stats
Position Jersey Number Answer % Correct
LW 63 Brad Marchand
100%
C 37 Patrice Bergeron
100%
D 73 Charlie McAvoy
97%
C 13 Charlie Coyle
94%
G 1 Jeremy Swayman
94%
G 35 Linus Ullmark
94%
RW 88 David Pastrnak
90%
LW 74 Jake DeBrusk
81%
LW 71 Taylor Hall
81%
D 27 Hampus Lindholm
71%
D 25 Brandon Carlo
65%
C 11 Trent Frederic
65%
D 75 Connor Clifton
61%
C 12 Craig Smith
61%
D 6 Mike Reilly
55%
D 28 Derek Forbort
52%
LW 56 Erik Haula
52%
D 48 Matt Grzelcyk
52%
LW 92 Tomas Nosek
52%
D 67 Jakub Zboril
48%
LW 17 Nick Foligno
45%
C 23 Jack Studnicka
32%
C 20 Curtis Lazar
29%
LW 81 Anton Blidh
23%
D 44 Josh Brown
16%
C 26 Marc McLuaghlin
13%
No matching quizzes found
Score Distribution
Percent of People with Each Score
Percentile by Number Answered
Your Score History
You have not taken this quiz